| 000 | 00864nam a22002057a 4500 | ||
|---|---|---|---|
| 999 |
_c12364 _d12364 |
||
| 003 | AR-CdUCM | ||
| 008 | 190408b ||||| |||| 00| 0 spa d | ||
| 040 |
_aMUNICIPALIDAD PROVINCIAL DEL CUSCO _cBIBLIOTECA MUNICIPAL DEL CUSCO |
||
| 082 |
_a252 / _bF62 / 1774 |
||
| 100 |
_aFlechier, Espiritu _930189 |
||
| 245 | _aSermones del ilmo señor / | ||
| 260 |
_aMadrid : _bManuel Fernandez, _c1774. |
||
| 300 |
_a260 páginas ; _c20.5 cm. |
||
| 505 | _aContenido: t.1. Sermón para el día de todos los santos -- Sermón para el día de la concepción de la virgen santísima -- Sermón para el día de San Joseph -- Sermón para el día de la conversión de San Pablo ... | ||
| 650 |
_aReligión católica _926814 |
||
| 650 |
_aSermón espiritual _930190 |
||
| 700 |
_aArribas y Soria, Juan De (traductor) _930191 |
||
| 942 |
_2ddc _cLIBROS |
||
| 945 |
_aacv _d08/04/2019 |
||